Das Schatzkastlein des Rheinlandischen hausfreundes (Record no. 6863)

MARC details
000 -CABECERA
campo de control de longitud fija 00505nam a2200181 a 4500
001 - NÚMERO DE CONTROL
campo de control BRCA_7182
005 - FECHA Y HORA DE LA ÚLTIMA TRANSACCIÓN
campo de control 20190320205737.0
008 - DATOS DE LONGITUD FIJA--INFORMACIÓN GENERAL
campo de control de longitud fija 130112s1800----gw-a######---#000-0#ger-#
041 ## - CÓDIGO DE LENGUA
Código de lengua del texto/banda sonora o título independiente ger
044 ## - CÓDIGO DEL PAÍS DE LA ENTIDAD EDITORA/PRODUCTORA
Código MARC del país gw
050 #4 - SIGNATURA TOPOGRÁFICA DE LA BIBLIOTECA DEL CONGRESO
Número de clasificación PT2298 .H3
Número de documento/Ítem .S32
100 1# - ENTRADA PRINCIPAL--NOMBRE DE PERSONA
Nombre de persona Hebel, Johann Peter
Fechas asociadas al nombre 1760-1826
9 (RLIN) 17804
245 10 - MENCIÓN DE TÍTULO
Título Das Schatzkastlein des Rheinlandischen hausfreundes
Mención de responsabilidad, etc. Johann Peter Hebel.
260 ## - PUBLICACIÓN, DISTRIBUCIÓN, ETC.
Lugar de publicación, distribución, etc. Munchen
Nombre del editor, distribuidor, etc. Delphin
Fecha de publicación, distribución, etc. [18-?]
300 ## - DESCRIPCIÓN FÍSICA
Extensión 507 p.
Otras características físicas il., 30 láminas
Dimensiones 21 cm.
902 ## - CATALOGADOR
Iniciales GFM
942 ## - ELEMENTOS DE PUNTO DE ACCESO ADICIONAL (KOHA)
Fuente del sistema de clasificación o colocación Library of Congress Classification
Tipo de ítem Koha Libros
Holdings
Estado de retiro Estado de pérdida Estado dañado No para préstamo Localización permanente Ubicación/localización actual Fecha de adquisición Total de préstamos Signatura topográfica completa Código de barras Fecha visto por última vez Precio válido a partir de Tipo de ítem Koha
El ejemplar forma parte de la colección y puede ser consultado según las políticas vigentes.       Biblioteca del Museo Franz Mayer (Rogerio Casas-Alatriste) Biblioteca del Museo Franz Mayer (Rogerio Casas-Alatriste) 13/01/2012   PT2298 .H3 .S32 7629 22/03/2019 22/03/2019 Libros